The magus of the north : (Record no. 90761)
[ view plain ]
| 000 -LEADER | |
|---|---|
| campo de control de longitud fija | 01380cam a2200385 a 4500 |
| 001 - NÚMERO DE CONTROL | |
| campo de control | 92200 |
| 005 - FECHA Y HORA DE LA ÚLTIMA TRANSACCIÓN | |
| campo de control | 20230410132942.0 |
| 008 - DATOS DE LONGITUD FIJA--INFORMACIÓN GENERAL | |
| campo de control de longitud fija | 930924r19941993nyua b 001 0deng |
| 010 ## - NÚMERO DE CONTROL DE LA BIBLIOTECA DEL CONGRESO | |
| Número de control de LC | 93037639 |
| 035 ## - NÚMERO DE CONTROL DEL SISTEMA | |
| Número de control de sistema | (OCoLC)ocm29030958 |
| 040 ## - FUENTE DE CATALOGACIÓN | |
| Centro catalogador/agencia de origen | DLC |
| Centro/agencia transcriptor | DLC |
| Centro/agencia modificador | BAKER |
| -- | NLGGC |
| -- | BTCTA |
| -- | YDXCP |
| -- | OCLCG |
| -- | GEBAY |
| 020 ## - NÚMERO INTERNACIONAL ESTÁNDAR DEL LIBRO | |
| Número Internacional Estándar del Libro | 0374196575 |
| 020 ## - NÚMERO INTERNACIONAL ESTÁNDAR DEL LIBRO | |
| Número Internacional Estándar del Libro | 9780374196578 |
| 035 ## - NÚMERO DE CONTROL DEL SISTEMA | |
| Número de control de sistema | (OCoLC)29030958 |
| 050 14 - SIGNATURA TOPOGRÁFICA DE LA BIBLIOTECA DEL CONGRESO | |
| Número de clasificación | B 2993 |
| Número de ítem | B515m 1994 |
| 082 00 - NÚMERO DE LA CLASIFICACIÓN DECIMAL DEWEY | |
| Número de clasificación | 193 |
| 049 ## - FONDOS LOCALES (OCLC) | |
| Biblioteca depositaria | GRAL |
| 100 1# - ENTRADA PRINCIPAL--NOMBRE DE PERSONA | |
| Nombre de persona | Berlin, Isaiah, |
| Fechas asociadas al nombre | 1909-1997. |
| 245 14 - MENCIÓN DEL TÍTULO | |
| Título | The magus of the north : |
| Resto del título | J.G. Hamann and the origins of modern irrationalism / |
| Mención de responsabilidad, etc. | Isaiah Berlin ; edited by Henry Hardy. |
| 250 ## - MENCION DE EDICION | |
| Mención de edición | 1st American ed. |
| 260 ## - PUBLICACIÓN, DISTRIBUCIÓN, ETC. | |
| Lugar de publicación, distribución, etc. | New York : |
| Nombre del editor, distribuidor, etc. | Farrar, Straus, and Giroux, |
| Fecha de publicación, distribución, etc. | 1994. |
| 300 ## - DESCRIPCIÓN FÍSICA | |
| Extensión | xvi, 143 p. : |
| Otras características físicas | ill. ; |
| Dimensiones | 23 cm. |
| 500 ## - NOTA GENERAL | |
| Nota general | Originally published: London : J. Murray, 1993. |
| 504 ## - NOTA DE BIBLIOGRAFÍA, ETC. | |
| Nota de bibliografía, etc. | Includes bibliographical references (p. 133-135) and index. |
| 650 #0 - PUNTO DE ACCESO ADICIONAL DE MATERIA--TÉRMINO DE MATERIA | |
| Término de materia o nombre geográfico como elemento de entrada | Irrationalism (Philosophy) |
| Subdivisión general | History |
| Subdivisión cronológica | 18th century. |
| 600 10 - PUNTO DE ACCESO ADICIONAL DE MATERIA--NOMBRE DE PERSONA | |
| Nombre de persona | Hamann, Johann Georg, |
| Fechas asociadas al nombre | 1730-1788. |
| 650 17 - PUNTO DE ACCESO ADICIONAL DE MATERIA--TÉRMINO DE MATERIA | |
| Término de materia o nombre geográfico como elemento de entrada | Irrationalisme. |
| Fuente del encabezamiento o término | gtt |
| 600 17 - PUNTO DE ACCESO ADICIONAL DE MATERIA--NOMBRE DE PERSONA | |
| Nombre de persona | Hamann, Johann Georg |
| Fuente del encabezamiento o término | swd |
| 700 1# - ENTRADA AGREGADA--NOMBRE PERSONAL | |
| Nombre de persona | Hardy, Henry. |
| 938 ## - | |
| -- | Baker & Taylor |
| -- | BKTY |
| -- | 21.00 |
| -- | 15.75 |
| -- | 0374196575 |
| -- | 0002394937 |
| -- | active |
| 938 ## - | |
| -- | Baker and Taylor |
| -- | BTCP |
| -- | 93037639 |
| -- | $21.00 |
| 938 ## - | |
| -- | YBP Library Services |
| -- | YANK |
| -- | 303310 |
| 942 ## - ELEMENTOS DE ENTRADA SECUNDARIOS (KOHA) | |
| Fuente del sistema de clasificación o colocación | Clasificación de Library of Congress |
| Tipo de ítem Koha | |
| 994 ## - | |
| -- | C0 |
| -- | DRFGD |
| Estatus retirado | Estado de pérdida | Fuente del sistema de clasificación o colocación | Estado de daño | No para préstamo | Colección | Biblioteca de origen | Biblioteca actual | Ubicación en estantería | Fecha de adquisición | Signatura topográfica completa | Código de barras | Visto por última vez | Copia número | Tipo de ítem Koha |
|---|---|---|---|---|---|---|---|---|---|---|---|---|---|---|
| Clasificación de Library of Congress | Humanidades | Biblioteca Juan Bosch | Biblioteca Juan Bosch | Humanidades (4to. Piso) | 10/04/2023 | B 2993 B515m 1994 | 00000085550 | 17/11/2018 | 1 |
